Find the football player #2 - Statistics

General Stats
  • This quiz has been taken 47 times
  • The average score is 10 of 20
Answer Stats
Picture Answer % Correct
Jordan Pickford
98%
Phil Foden
98%
Kurt Zouma
88%
Leandro Trossard
80%
Rasmus Højlund
80%
Kaoru Mitoma
78%
Anthony Gordon
71%
Ben Chilwell
63%
Leon Bailey
63%
Pierre-Emile Hojbjerg
63%
Rayan Aït-Nouri
59%
Ibrahim Sangaré
41%
Stefan Bajcetic
39%
Odsonne Edouard
27%
João Palhinha
24%
Issa Kaboré
12%
Mathias Jensen
7%
Gustavo Hamer
2%
Illya Zabarnyi
2%
Lyle Foster
0%
No matching quizzes found
Score Distribution
Percent of People with Each Score
Percentile by Number Answered
Your Score History
You have not taken this quiz